000
00265nam a22001217a 4500
008
171025b xxu||||| |||| 00| 0 eng d
041
_a
eng
080
_a
336.2
100
_a
55
101
_a
TAK
245
_a
BUSINESS DATA PROCESSING
_c
MURACH, M
942
_2
udc
_c
BK
999
_c
35838
_d
35838